LEADER 00493nab a2200145 i 4500 001 000000287796 003 CaOOAMICUS 005 20150717000000.0 008 150717n xx uu u0 0und r 013 $a41690 040 $aSeMil$bita 245 10$aIn cammino. - 48 p. - Titolo dalla copertina [Tema del mese]. 500 $aAgosto/Settembre 2015. 773 0 $t[2015].$dMilano : ITL, 2015.$w()237881 996 $6245$aIn cammino. - 48 p. - Titolo dalla copertina [Tema del mese].$9(OLS)http://semarc/title/367971 LEADER 00370nab a2200133 i 4500 001 000000316642 003 CaOOAMICUS 005 20180831173213.0 008 180831n xx uu u0 0und r 013 $a25723 040 $aSeMil$bita 245 10$aMorale fondamentale. 773 0 $t[Gennaio-Dicembre].$g447-657$w()274001 996 $6245$aMorale fondamentale$9(OLS)http://semarc/title/58910